[Event "IECG CP.2001.P.00027"]
[Site "IECG email"]
[Date "2001.10.01"]
[Round "?"]
[White "Dayao, Andro"]
[Black "Fernandez Raposo, Manolo"]
[Result "0-1"]
[WhiteElo "800"]
[BlackElo "1520"]
[PlyCount "30"]
[EventDate "2001.10.??"]
[EventType "tourn (corr)"]
[EventRounds "6"]
[SourceTitle "Corr 2024"]
[Source "ChessBase"]
[SourceDate "2023.10.19"]
[SourceVersion "1"]
[SourceVersionDate "2023.10.19"]
[SourceQuality "1"]

1. d4 Nf6 2. Nc3 d5 3. Bf4 e6 4. a3 Nh5 5. Bd2 Nf6 6. e3 c5 7. Nf3 Nc6 8. Be2 a6 9. 0-0 Bd7 10. Re1 Qc7 11. Bd3 h6 12. b3 Bd6 13. dxc5 Bxc5 14. b4 Bd6 15. g3 0-0 0-1

[Event "IECG CP.2000.Q.00005"]
[Site "IECG email"]
[Date "2001.10.01"]
[Round "?"]
[White "Fernandez Raposo, Manolo"]
[Black "Pijl, Richard"]
[Result "0-1"]
[WhiteElo "1520"]
[BlackElo "2107"]
[PlyCount "72"]
[EventDate "2001.10.01"]
[EventType "tourn (corr)"]
[EventRounds "6"]
[SourceTitle "Corr 2008"]
[Source "ChessBase"]
[SourceDate "2008.06.24"]
[SourceVersion "1"]
[SourceVersionDate "2008.06.24"]
[SourceQuality "1"]

1. e4 c5 2. Nf3 d6 3. d4 cxd4 4. Nxd4 Nf6 5. Nc3 a6 6. Be2 Nbd7 7. 0-0 g6 8. Be3 Bg7 9. f4 0-0 10. a4 Qc7 11. Kh1 Re8 12. Bf3 e5 13. fxe5 Nxe5 14. Bg5 Bd7 15. Bxf6 Bxf6 16. Nd5 Qd8 17. Nxf6+ Qxf6 18. c3 Qh4 19. Qb3 a5 20. Qd5 Bc6 21. Nxc6 bxc6 22. Qxd6 Rad8 23. Qc7 Rd2 24. b4 Qg5 25. Rad1 Rb2 26. Rb1 Rc2 27. Rg1 Rxc3 28. bxa5 Nxf3 29. gxf3 Qf6 30. f4 Qd4 31. Rbe1 Rxe4 32. Rd1 Rd3 33. Qb8+ Kg7 34. Rxd3 Qxd3 35. Qb2+ f6 36. f5 Qd5 0-1

[Event "IECG CP.2000.P.00067"]
[Site "IECG email"]
[Date "2000.10.01"]
[Round "?"]
[White "Fernandez Raposo, Manolo"]
[Black "Rodrigues, Nuno Amalio"]
[Result "1-0"]
[WhiteElo "1441"]
[BlackElo "1665"]
[PlyCount "77"]
[EventDate "2000.10.01"]
[EventType "tourn (corr)"]
[EventRounds "6"]
[EventCountry "ESP"]
[SourceTitle "Corr 2008"]
[Source "ChessBase"]
[SourceDate "2008.06.24"]
[SourceVersion "1"]
[SourceVersionDate "2008.06.24"]
[SourceQuality "1"]

1. e4 e5 2. Nf3 Nc6 3. Bb5 a6 4. Ba4 Nf6 5. 0-0 Be7 6. Re1 b5 7. Bb3 d6 8. a4 Bg4 9. c3 0-0 10. h3 Bxf3 11. Qxf3 Na5 12. Bc2 c5 13. d3 b4 14. Nd2 Nc6 15. Nc4 Rb8 16. Bd2 Rb7 17. Rec1 d5 18. exd5 Qxd5 19. Qxd5 Nxd5 20. a5 f6 21. Ba4 Rc8 22. Re1 Na7 23. Bd1 Rd8 24. Bf3 bxc3 25. bxc3 Rb3 26. Nxe5 Bf8 27. Bd1 Rbb8 28. Nc4 Nb5 29. Rc1 Kf7 30. Nb6 Nxb6 31. axb6 Be7 32. c4 Rxd3 33. cxb5 axb5 34. Be3 Rxb6 35. Bxc5 Bxc5 36. Rxc5 Rd4 37. Bb3+ Kg6 38. Re7 Kh6 39. g4 1-0

[Event "IECG CP.2000.P.00067"]
[Site "IECG email"]
[Date "2000.10.01"]
[Round "?"]
[White "Fernandez Raposo, Manolo"]
[Black "Welch, Mark"]
[Result "1-0"]
[WhiteElo "1441"]
[BlackElo "1000"]
[PlyCount "35"]
[EventDate "2000.10.01"]
[EventType "tourn (corr)"]
[EventRounds "6"]
[EventCountry "ESP"]
[SourceTitle "Corr 2008"]
[Source "ChessBase"]
[SourceDate "2008.06.24"]
[SourceVersion "1"]
[SourceVersionDate "2008.06.24"]
[SourceQuality "1"]

1. e4 e5 2. Nf3 Nc6 3. Bb5 a6 4. Ba4 d6 5. c3 Bd7 6. d4 Nf6 7. 0-0 Nxe4 8. Re1 b5 9. Bb3 Nxf2 10. Kxf2 Bg4 11. h3 Bh5 12. Bd5 Qd7 13. dxe5 dxe5 14. Nxe5 Bc5+ 15. Kf1 0-0-0 16. Nxd7 Bxd1 17. Bxc6 Bc2 18. Nxc5 1-0

[Event "IECG WC.2002.P.00011 email"]
[Site "IECG email"]
[Date "1999.??.??"]
[Round "?"]
[White "Fernandez Raposo, Manolo"]
[Black "Massimini Gerbino, Massimiliano"]
[Result "1-0"]
[WhiteElo "800"]
[BlackElo "1964"]
[PlyCount "53"]
[EventDate "1999.02.21"]
[EventType "tourn (corr)"]
[EventRounds "8"]
[SourceTitle "Corr 2008"]
[Source "ChessBase"]
[SourceDate "2008.06.24"]
[SourceVersion "1"]
[SourceVersionDate "2008.06.24"]
[SourceQuality "1"]

1. e4 c5 2. Nf3 Nc6 3. d4 cxd4 4. Nxd4 Nf6 5. Nc3 e5 6. Ndb5 d6 7. Bg5 a6 8. Na3 Be6 9. Bxf6 gxf6 10. Nd5 f5 11. exf5 Qa5+ 12. Nc3 Bxf5 13. Nc4 Qc5 14. Ne3 Be6 15. Ncd5 Qa5+ 16. c3 Bg7 17. Be2 0-0 18. 0-0 f5 19. Bc4 Rae8 20. Qb3 Nd8 21. Nb6 f4 22. Rad1 Qb5 23. Bxb5 Bxb3 24. Bc4+ Bxc4 25. Nexc4 Re6 26. Nxd6 Nf7 27. Ndc4 1-0

[Event "IECG WC.2002.P.00011 email"]
[Site "IECG email"]
[Date "1999.??.??"]
[Round "?"]
[White "Vnukov, Denis"]
[Black "Fernandez Raposo, Manolo"]
[Result "0-1"]
[WhiteElo "1183"]
[BlackElo "800"]
[PlyCount "60"]
[EventDate "1999.02.21"]
[EventType "tourn (corr)"]
[EventRounds "8"]
[SourceTitle "Corr 2008"]
[Source "ChessBase"]
[SourceDate "2008.06.24"]
[SourceVersion "1"]
[SourceVersionDate "2008.06.24"]
[SourceQuality "1"]

1. d4 d5 2. c4 c6 3. Nf3 Nf6 4. Nc3 e6 5. e3 Nbd7 6. Bd3 dxc4 7. Bxc4 b5 8. Bd3 a6 9. e4 c5 10. d5 Qc7 11. dxe6 fxe6 12. Qe2 c4 13. Bc2 Bd6 14. 0-0 0-0 15. Ng5 Nc5 16. f4 e5 17. Nf3 Bg4 18. f5 Rad8 19. Rd1 Nd3 20. Bxd3 cxd3 21. Rxd3 b4 22. Nd1 Nxe4 23. Ne3 Nf6 24. Nxg4 Nxg4 25. Nd4 exd4 26. Qxg4 Bxh2+ 27. Kh1 Be5 28. Bg5 Rde8 29. Rf1 Qc4 30. Rh3 Qxf1# 0-1